Responses for Show #7601 - Monday, October 2, 2017

Austin Rogers game 5.

Contestants

[<< previous game]

Bonnie Leih, an administrative assistant from Plumas Lake, California

Veryl Gambino, a prosecutor from Berwyn, Illinois

Austin Rogers, a bartender from New York, New York (whose 4-day cash winnings total $123,100)

[next game >>]

Jeopardy! Round responses

(Alex: This is the first Monday in October, so we're gonna...)
WELCOME BACK, U.S. SUPREME COURT
IRREGULAR VERBS
IT'S AN HONOR TO BE NOMINATED
(Alex: ...for an Academy Award, that is.)
TRAVEL & TOURISM
BUNNIES
LEAP YEARS
(Alex: You give me the year.)
    $200 9
the newest Supreme Court justice

Veryl
    $200 2
woke

Austin
    $200 8
Meryl Streep

Bonnie
    $200 18
the Harry Potter movies

Veryl
    $200 1
the tortoise and the hare

Veryl
    $200 4
1876

Austin
    $400 10
law clerks

Veryl
    $400 27
you rang?

Triple Stumper
    $400 23
Peter O'Toole

Austin
    $400 17
Machu Picchu

Austin
    $400 3
(Veryl: What's a warren?)

a hutch

VerylBonnie
    $400 5
1952

Veryl
    $600 11
(Bonnie: Who is Sotomayor?)

Elena Kagan

Bonnie
Triple Stumper
    $600 28
begat

Veryl
    $600 24
(Alex: With less than a minute to go now.)

Katharine Hepburn

Veryl
    $1,800 19
Selma

Veryl
    $600 14
a cottontail

Austin
    $600 6
1860

Austin
    $800 12
oyez, oyez, oyez

Veryl
    $800 29
(Austin: What is seek?)
...
[The end-of-round signal sounds.]

sought

AustinVeryl
    $800 25
Tom Hanks

Austin
    $800 20
Quebec City

Austin
    $800 15
a Playboy Bunny

Austin
    $800 7
2016

Bonnie
    $1000 13
(Bonnie: Who is John Jay?)

Thomas Jefferson

AustinBonnie
    $1000 26
Edith Head

Bonnie
    $1000 21
Athens

Veryl
    $1000 16
Pooh Corner

Bonnie
    $1000 22
1984

Bonnie

Scores at the first commercial break (after clue 15):

Austin Veryl Bonnie
$3,400 $1,600 -$200

Scores at the end of the Jeopardy! Round:

Austin Veryl Bonnie
$5,000 $6,600 $2,800

Double Jeopardy! Round responses

HISTORY OF MEDICINE WITH DR. OZ
HISPANIC AMERICANS
WHAT THE "L"?
THE ORIGINAL LANGUAGE
(Alex: We want you to give us the language in which each book was originally written.)
MUSICAL INSTRUMENTS
LEAP YEARS
    $400 1
an inoculation (or a vaccine)

Austin
    $400 2
Cesar Chavez

Veryl
    $400 3
lettuce

Bonnie
    $400 7
Italian

Austin
    $400 14
a drum

Austin
    $400 12
Berlin

Veryl
    $800 4
penicillin

Austin
    $800 5
(Ted) Cruz

Veryl
    $800 6
laughing

Austin
    $800 8
Russian

Austin
    $800 15
Stradivarius

Bonnie
    $800 13
Didrikson

Austin
    $1200 16
(Joseph) Lister

Veryl
    $1200 27
chlorofluorocarbons

Bonnie
    $1200 21
(Bonnie: What is liberty?)

liberties

Bonnie
Triple Stumper
    $6,500 9
(Alex: Jules Verne.)

French

Austin
    $1200 18
the oboe

Austin
    $1200 23
Jackie Joyner

Austin
    $1600 17
humors

Austin
    $1600 22
(Bonnie: What is librarian?)
(Veryl: What is libraries?)

library

AustinVerylBonnie
    $1600 10
Spanish

Veryl
    $15,700 19
(Alex: [Prior to wager] What unusual number are you going to come up with now?)
(Austin: $15,700.)
(Alex: Whoa. All right, here is the clue in MUSICAL INSTRUMENTS…)

a glockenspiel

Austin
    $1600 24
(Alex: Less than a minute now.)

flop

Austin
    $2000 28
(Bonnie: [*]? What is [*]?)
...
[The end-of-round signal sounds.]

rhesus

Bonnie
    $2000 26
limited liability

Austin
    $2000 11
(Alex: Mann's [*].)

German

Triple Stumper
    $2000 20
a ukulele

Austin
    $2000 25
(Bonnie: What is Mexico?)

Cuba

Bonnie
Triple Stumper

Scores at the end of the Double Jeopardy! Round:

Austin Veryl Bonnie
$42,800 $9,400 $2,400
(lock game)

[wagering suggestions for these scores]

Final Jeopardy! Round responses

AMERICAN ARTISTS
BonnieWho was Whistler?
$400
VerylWho is Winslow? Winslow?
$3,000
AustinWho was Grant Wood
$22,800
Grant Wood

Final scores:

Austin Veryl Bonnie
$65,600 $6,400 $2,000
5-day champion: $188,700 2nd place: $2,000 3rd place: $1,000

Game dynamics:

Coryat scores:

Austin Veryl Bonnie
$23,400 $8,200 $2,400
26 R
(including 2 DDs),
1 W
16 R
(including 1 DD),
2 W
10 R,
5 W

Combined Coryat: $34,000

[game clues] [game scores] [suggest correction]

Game tape date: 2017-04-26
The J! Archive is created by fans, for fans. Scraping, republication, monetization, and malicious use prohibited; this site may use cookies and collect identifying information. See terms. The Jeopardy! game show and all elements thereof, including but not limited to copyright and trademark thereto, are the property of Jeopardy Productions, Inc. and are protected under law. This website is not affiliated with, sponsored by, or operated by Jeopardy Productions, Inc. Join the discussion at JBoard.tv.